00770nam a2200169Ia 4500008004100000020001800041082002000059100002800079245010000107260004000207300000900247440006800256500012100324650002900445952010900474999001700583120622s9999 xx 000 0 und d a968-476-146-5 a340.1 B582 v.11 aKelsen, Hans, 1881-1973 a¿Qué es la teoría pura del derecho? / Hans Kelsen ; traducción Ernesto Garzón Valdés aMéxico : Distribuciones Fontamara a53 p aBiblioteca de ética, filosofía del derecho y política, 11 aTítulo original: Was ist die reine Rechtslehre? Donativo de la Biblioteca privada del "Mtro. Javier Campos Ycardo" a1. TEORIA DEL DERECHOÌ 00104070a01b01d2009-08-12l1o340.1 B582 V.11p01 011095r2019-10-21s2019-10-21t1w2012-06-24yLB c60799d60799